| 000 | 00618nas a2200217 4500 | ||
|---|---|---|---|
| 001 | BR9595059 | ||
| 003 | BR-BrBNA | ||
| 005 | 20231205094155.0 | ||
| 007 | ta | ||
| 008 | 230509b bl.|||p| |||| 00| 00por d | ||
| 040 |
_aBR-BrBNA _bpor _cBiblioteca Nacional de Agricultura |
||
| 041 | _a(Pt) | ||
| 072 | _aL01 | ||
| 100 | 1 | _aCockrill, W.R. | |
| 245 | 1 | _aUma nota sobre as direcoes do pelo do bufalo aquatico | |
| 650 | _aBufalo | ||
| 650 | _aPelo | ||
| 773 | 0 |
_tZootecnia (Brazil) _xISSN 0044-5320 _g(Jul-Sep 1971), v. 9(3) p. 51-53 _wBR9595059 |
|
| 909 |
_a202311 _bLúcia _c55 _dLúcia Elande |
||
| 942 |
_2AGRIS _n0 _cANA |
||
| 999 |
_c142543 _d142543 |
||